| 000 | 01054cam a22002531 4500 | ||
|---|---|---|---|
| 001 | gs 23000221 | ||
| 003 | DLC | ||
| 005 | 20260227111327.0 | ||
| 008 | 790802s1923 kyua b 000 0 eng | ||
| 010 | _ags 23000221 | ||
| 035 | _a(OCoLC)5232803 | ||
| 040 |
_aDLC _cTxCM _dOCoLC _dDLC |
||
| 042 | _apremarc | ||
| 050 | 0 | 0 |
_aF451 _b.D24 |
| 100 | 1 |
_aDavis, Darrell Haug, _d1879- |
|
| 245 | 1 | 4 |
_aThe geography of the Jackson purchase. _bA study of the distribution and activities of man in the gulf embayment area of western Kentucky, _cby Darrel Haug Davis. Illustrated by 100 photographs, maps and diagrams. |
| 260 |
_aFrankfort, Ky., _bThe Kentucky Geological survey, _c1923. |
||
| 300 |
_a10 p., 2 l., 185 p. _bfront., illus., tables, diagrs. _c24 cm. |
||
| 410 | 1 | 0 |
_aKentucky. _bGeological survey, 1920- _tSeries VI [Geologic reports] _vv. 9 |
| 504 | _aBibliographies interspersed. | ||
| 500 | _aPublished also as thesis (Ph. D.) University of Michigan, 1923. | ||
| 650 | 0 |
_aPhysical geography _zKentucky. |
|
| 651 | 0 |
_aKentucky _xEconomic conditions. |
|
| 999 |
_c26258 _d26258 |
||